Luigi Einaudi - Statistics

Statistiche generali
  • Questo quiz è stato fatto 4 volte
  • Il punteggio medio è 4 su 7
Statistiche sulle risposte
Anni Carica ricoperta % Corretto
1948-1955 Presidente della Repubblica
100%
1947-1948 Ministro del bilancio
67%
1919-1946 Senatore del Regno d'Italia
67%
1947-1948 Vicepresidente del consiglio dei ministri
67%
1946-1948 Deputato dell'Assemblea Costituente
33%
1945-1948 Governatore della Banca d'Italia
33%
1955-1961 Senatore a vita della Repubblica Italiana
33%
Nessun quiz corrispondente trovato
Distribuzione punteggi
Percentuale di utenti per punteggio
Percentile per numero di risposta
I tuoi punteggi nel tempo
Non hai fatto questo quiz